000 00397nam a2200181Ia 4500
003 OSt
005 20251115115536.0
008 250729s2005 xx 000 0 und d
040 _cAL
041 _aeng
082 _a910 MALG
100 _aMallappa P
_9224416
245 _aGeography (I PUC)
260 _aMysore
_c2005
300 _a278p
650 _aGeography
_9224417
942 _2ddc
_cBED
999 _c236395
_d236395